| 000 | 01156pam a2200289 a 4500 | ||
|---|---|---|---|
| 005 | 20131115041638.0 | ||
| 008 | 910401s1991 couab b 001 0 eng | ||
| 020 | _a081338270X | ||
| 020 | _a0813382718 | ||
| 041 | 0 | _aeng | |
| 080 | _a341(4) | ||
| 245 | 0 | 4 |
_aThe New European community : _cedited by Robert O. Keohane and Stanley Hoffmann. |
| 260 |
_aBoulder, Colo. : _bWestview Press, _c1991. |
||
| 300 |
_aviii, 208 p. : _bill., map ; _c24 cm. |
||
| 500 | _aPreface : f. VII-VIII | ||
| 504 | _aIncludes bibliographical references and index. | ||
| 610 | 2 | 0 | _aKomunitetet Europiane |
| 610 | 2 | 0 | _aKomisioni i komuniteteve Europiane. |
| 610 | 2 | 0 | _aKëshilli i Komunitetit Europian |
| 610 | 2 | 0 | _aKomuniteti ekonomik Europian |
| 650 | 0 |
_aE drejta ndërkombëtare _zUnoni Europian |
|
| 700 | 1 |
_aKeohane, Robert O. _q(Robert Owen), _d1941- |
|
| 700 | 1 | _aHoffmann, Stanley. | |
| 856 | 4 | 2 |
_3Contributor biographical information _uhttp://www.loc.gov/catdir/enhancements/fy0833/91015478-b.html |
| 856 | 4 | 2 |
_3Publisher description _uhttp://www.loc.gov/catdir/enhancements/fy0833/91015478-d.html |
| 942 |
_2udc _cBK |
||
| 999 |
_c329 _d329 |
||